000 00735nam a2200217 i 4500
001 50326
003 ES-MaACL
005 20231222184207.0
007 t|
008 030804s1985 sp a |||| | spa d
020 _a84-7468-101-4
100 1 _aCueto Pérez, Magdalena.
_942080
245 1 0 _aAspectos sistemáticos en la narrativa de Pío Baroja
_b: el árbol de la ciencia /
_cMagdalena Cueto Pérez.
260 _aOviedo :
_bUniversidad de Oviedo,
_c[1985]
300 _a236 p. :
_bil. ;
_c21 cm.
504 _aBibliografía: p. 209-236.
600 1 4 _aBaroja, Pío,
_d1872-1956-
_xCrítica e interpretación
_925756
710 2 _aUniversidad de Oviedo.
_97260
852 _aES-MaACL
_jL-9661
999 _c50326
_d50326